Statistiques concernant Succession au trône d'Angleterre

Cliquez ici pour prendre le quiz!

Statistiques générales

  • Ce quiz a été pris 51 fois
  • Le résultat moyen est 17 sur 31

Statistiques - réponses

RangNom% Correct
27Charles
100%
1Charles
100%
2William
95%
3Georges
90%
6Harry
90%
4Charlotte
85%
5Louis
83%
18Anne
75%
9Andrew
70%
8Lilibet
68%
7Archie
65%
15Edward
63%
10Béatrice
58%
12Eugenie
55%
16James
50%
22Zara
50%
17Louise
45%
19Peter
45%
20Savannah
38%
24Lena
35%
25Lucas
35%
23Mia
35%
29Sarah
35%
13August
33%
21Isla
30%
11Sienna
28%
31Arthur
25%
26David
25%
14Ernest
23%
28Margarita
20%
30Samuel
15%

Distribution des résultats

Percentile par nombre de réponses

% des personnes avec chaque résultat

Votre développement - résultats

Vous n’avez pas pris ce quiz